|
|
|
|
| LEADER |
00000naa a2200000uu 4500 |
| 001 |
vtls010948522 |
| 003 |
SK-MaSNL |
| 005 |
20260302143459.0 |
| 008 |
210902|1999 xo |||||||||||||||||slo| |
| 015 |
|
|
|a SNBRA
|
| 035 |
|
|
|a (urnnbn)urn:nbn:sk:snk:ar-a0bhq2
|
| 035 |
|
|
|a (uuid)9d217101-f302-4c33-a433-23da33915b07
|
| 035 |
|
|
|a urn:nbn:sk:snk-aau9ta
|
| 040 |
|
|
|a SNKBUCL
|b slo
|c SNKBUCL
|e AACR2
|
| 041 |
0 |
|
|a slo
|
| 044 |
|
|
|a xo
|c SK
|
| 100 |
1 |
|
|a Krkoška, Pavel,
|d 1936-
|4 aut
|9 125879
|
| 245 |
1 |
0 |
|a Vznik farebných látok pri stárnutí papiera
|c Pavel Krkoška
|
| 773 |
0 |
|
|t 51. zjazd chemických spoločností
|d V Bratislave : Slovenská technická univerzita, 1999
|g S. [27]-[31]
|z 8022712507
|
| 958 |
|
|
|a OND
|
| 958 |
|
|
|a article11
|
| 958 |
|
|
|a chapter
|
| 999 |
|
|
|c 1344739
|d 1346669
|